| 000 | 01069cam a22003014a 4500 | ||
|---|---|---|---|
| 999 |
_c532127 _d532127 |
||
| 001 | 14766158 | ||
| 003 | NUST | ||
| 005 | 20191111095914.0 | ||
| 008 | 070222s2007 enka b 001 0 eng | ||
| 010 | _a 2007405011 | ||
| 020 | _a1902505816 (pbk.) | ||
| 035 | _a(CaONFCNI)uk5307759 | ||
| 038 | _aMSOHAIL | ||
| 040 |
_aDLC _cDLC _dDLC |
||
| 050 | 0 | 0 |
_aHD69.P75 _bH36 2007 |
| 082 | 0 | 0 |
_a658.404 _222 |
| 100 | 1 |
_aHarrin, Elizabeth. _925455 |
|
| 245 | 1 | 0 |
_aProject management in the real world : _bshortcuts to success / _cElizabeth Harrin. |
| 260 |
_aSwindon, UK : _bBritish Computer Society (BCS), _cc2007. |
||
| 300 |
_axxii, 203 p. : _bill. ; _c25 cm. |
||
| 504 | _aIncludes bibliographical references and index. | ||
| 650 | 0 |
_aProject management. _925456 |
|
| 710 | 2 |
_aBritish Computer Society. _925457 |
|
| 856 | 4 | 1 |
_3Table of contents only _uhttp://www.loc.gov/catdir/toc/fy0709/2007405011.html |
| 906 |
_a7 _bcbc _corigres _d2 _encip _f20 _gy-gencatlg |
||
| 942 |
_2ddc _cBK |
||